Talking pictures : pictorial texts and young readers

Αποθηκεύτηκε σε:
Λεπτομέρειες βιβλιογραφικής εγγραφής
Άλλοι συγγραφείς: Watson, Victor (Επιμελητής έκδοσης), Styles, Morag (Επιμελητής έκδοσης)
Μορφή: Βιβλίο
Γλώσσα:English
Δημοσίευση: London : Hodder & Stoughton, 1996
Θέματα:
Ετικέτες: Προσθήκη ετικέτας
Δεν υπάρχουν, Καταχωρήστε ετικέτα πρώτοι!

MARC

LEADER 00000nam a2200000 i 4500
001 1/14474
008 001204s1996 eng d
020 |a 0-340-64821-X 
035 |l 10065012 
040 |a GR-MY-UA  |b gre  |e aacr 
041 0 |a eng 
082 0 |a 372.4 
245 1 0 |a Talking pictures :  |b pictorial texts and young readers /  |c edited by Victor Watson, Morag Styles 
260 |a London :   |b Hodder & Stoughton,   |c 1996 
300 |a 184 p. 
650 0 0 |a Picture books for children. 
650 0 0 |a Children  |x Books and reading. 
650 0 0 |a Reading (Elementary) 
700 1 |a Watson, Victor.  |4 edt 
700 1 |a Styles, Morag.  |4 edt 
852 |a INST  |b RHODES  |e 20001204  |h 372.4 TAL  |p 005400017469  |q 005400017469  |t BK  |y 0 
901 |a BIBL4-2000-3 
909 |a Ρ  |b 082373 
922 |a 4ΕΛΗ  |b 200010  |c ΚΠΣ/Ν 
970 |a ΚΟΥΛΑΚΙΟΤΗ  |b ΛΙΤΣΑ  |z 2000/12/04